ბათუმის შოთა რუსთაველის სახელმწიფო უნივერსიტეტის ბიბლიოთეკა

ხუროთმოძღვრული დუმილით ”ამღერებული კულტურა” (კაცობრიობის გზა???) / (ბიბ.ჩანაწერი № 46907)

000 -ლიდერი
ფიქსირებული სიგრძის საკონტროლო ველი 01049nam a2200217Ia 4500
001 - საკონტროლო ნომერი
საკონტროლო ველი 13760
003 - საკონტროლო ნომრის იდენტიფიკატორი
საკონტროლო ველი GE_BSU
005 - ბოლო ოპერაციის თარიღი და დრო
საკონტროლო ველი 20240930121541.0
008 - ფიქსირებული სიგრძის მონაცემთა ელემენტები - ზოგადი ინფორმაცია
ფიქსირებული სიგრძის საკონტროლო ველი 181216s2009||||ge |||||||||||||| ||geo||
020 ## - წიგნის საერთაშორისო სტანდარტული ნომერი
International Standard Book Number 9789941145001
040 ## - კატალოგიზაციის წყარო
Transcribing agency GE_BSU
041 ## - ენის კოდი
Language code of text/sound track or separate title geo
080 ## - უნივერსალური ათობითი კლასიფიკაციის ინდექსი
Universal Decimal Classification number 72(479.22) მ-20
100 ## - მთავარი ჩანაწერი - პიროვნების სახელი
Personal name მალაღურაძე, ჯუმბერ
9 (RLIN) 23294
245 ## - ცნობა სათაურის შესახებ
Title ხუროთმოძღვრული დუმილით ”ამღერებული კულტურა” (კაცობრიობის გზა???) /
Statement of responsibility, etc [რეცენზ. : გ. ყიფიანი, გ. მიქიაშვილი, მ. მაისურაძე, ნ. თევზაძე, მ. კაჭარავა].
264 ## - წარმოების, გამოცემის, დისტრიბუციის და სხვა ცნობები
გამოცემის, წარმოების, დისტრიბუციის... ადგილი თბილისი :
გამოცემის, წარმოების, დისტრიბუციის... სახელწოდება უნივერსალი,
გამოცემის, წარმოების, დისტრიბუციის... თარიღი 2009.
300 ## - ფიზიკური აღწერა
Extent 223 გვ. ;
Dimensions 20 სმ.
653 ## - INDEX TERM--UNCONTROLLED
Uncontrolled term კულტურა
653 ## - INDEX TERM--UNCONTROLLED
Uncontrolled term ხუროთმოძღვრული დუმილით "ამღერებული" კულტურა
942 ## - ADDED ENTRY ELEMENTS (KOHA)
Koha item type წიგნი
Source of classification or shelving scheme
ეგზემპლარები
ჩამოწერის სტატუსი დაკარგული ეგზემპლარის სტატუსი კლასიფიკაციის წყარო ან თაროზე გაწყობის სქემა დაზიანების სტატუსი არ გაიცემა მუდმივი მდებარეობა (დაცვის ადგილი) ამჟამინდელი ადგილსამყოფელი თაროზე განთავსების ადგილი შეძენის თარიღი შტრიხკოდი ბოლო ოპერაციის თარიღი ეგზემპლარის მიმდევრობითი ნომერი (კეტერი?) ფასის ძალაში შესვლის თარიღი ეგზემპლარის სახეობა
          ბათუმის შოთა რუსთაველის სახელმწიფო უნივერსიტეტის მთავარი ბიბლიოთეკა ბათუმის შოთა რუსთაველის სახელმწიფო უნივერსიტეტის მთავარი ბიბლიოთეკა წიგნსაცავი 2018-12-17 27273 2018-12-17 27273 2018-12-17 წიგნი